[Event "Warsaw Najdorf Memorial op-A 15th"]
[Site "Warsaw"]
[Date "2017.07.15"]
[Round "7"]
[White "Edouard, Romain"]
[Black "Markowski, Tomasz"]
[Result "1-0"]
[WhiteElo "2622"]
[BlackElo "2557"]
[Annotator "Edouard,R"]
[PlyCount "133"]
[EventDate "2017.07.09"]
[EventType "swiss"]
[EventRounds "9"]
[EventCountry "POL"]
[SourceTitle "CBM 180"]
[Source "ChessBase"]
[SourceDate "2017.09.13"]
[SourceVersion "1"]
[SourceVersionDate "2017.09.13"]
[SourceQuality "1"]

1. e4 c5 2. Nf3 e6 3. d4 cxd4 4. Nxd4 a6 5. Bd3 Nf6 6. O-O d6 (6... Qc7 {
is the main move.}) 7. c4 Nc6 ({Markowski has usually preferred} 7... b6 {
but Black is having some problems:} 8. Nc3 Bb7 9. f4 Nbd7 10. Qe2 Be7 11. Bd2
O-O 12. Rae1 $40 {1-0 (30) Kovalev,V (2546)-Markowski,T (2577) POL 2016}) (7...
Be7 {also leads to a great Maroczy for White:} 8. Nc3 O-O 9. Be3 Qc7 10. Rc1
Nbd7 11. f4 b6 12. b4 Bb7 13. f5 e5 14. Nd5 Qd8 15. Nb3 $14 {1-0 (41) Plat,V 
(2422)-Rasik,V (2502) CZE 2010}) 8. Be3 ({Objectively best might be the simple
} 8. Nxc6 $5 bxc6 9. Nc3 Be7 10. b3 $1 (10. Qa4 $5 {was an original idea from
Nisipeanu, but it doesn't seem to give White any advantage:} Qc7 11. c5 O-O $1
$146 (11... dxc5 $2 12. Bf4 $40) (11... d5 $2 12. exd5 Nxd5 13. Nxd5 exd5 14.
Bf4 $1 Qb7 15. Rae1 $16 {1-0 (46) Nisipeanu,L (2664)-Dambrauskas,V (2346)
Ohrid MKD 2009}) 12. cxd6 (12. Bf4 $5 e5 13. cxd6 Qxd6 14. Bc1 $1 {[%cal Gf1d1]
} Nd7 $13) 12... Bxd6 13. h3 c5 $132) 10... O-O 11. Bb2 {and White has the
very simple plan Qe2, Na4, Rad1, f4... and Black's pawn structure is not too
flexible, e.g.} e5 (11... d5 12. exd5 cxd5 13. cxd5 exd5 14. Na4 $14) (11... c5
12. f4 $36) 12. c5 $1 dxc5 (12... d5 13. exd5 cxd5 14. Na4 $14) 13. Na4 $14)
8... Ne5 9. Nc3 Nxd3 (9... Nfg4 {probably just helps White:} 10. Bc1 Nxd3 11.
Qxd3 Ne5 12. Qe2 Qc7 13. b3 Be7 (13... b5 $6 14. f4 Nd7 15. f5 Nf6 16. fxe6
fxe6 17. Qf3 {[%cal Ge4e5] and Black's position looks very suspect!}) 14. f4
Nd7 15. Bb2 $36) 10. Qxd3 Be7 11. h3 $5 (11. a4 Ng4 12. Bd2 Ne5 13. Qe2 Qc7 14.
b3 O-O 15. f4 Nc6 $132) 11... O-O ({I believe} 11... Qc7 {was better, with the
idea to answer} 12. a4 {with} b6 {and Black should be fine.}) 12. a4 $1 Bd7 ({
Now} 12... b6 $4 {is impossible due to} 13. Nc6 $18) 13. a5 Rc8 14. Rfc1 Qc7 (
14... Be8 {looked more logical to me, although after} 15. f4 Nd7 16. Nf3 Qc7
17. b3 $36 {White's position should still be very slightly preferable.}) 15. b3
Qb8 16. f4 Rfe8 17. Nde2 Rc6 $6 {A bad move! The rook is very badly placed
here.} 18. Na4 {I jumped on the possibiliy to get a knight to b6, but could do
better.} (18. Bd4 $1 {(/\xe5)} e5 19. Be3 $16 {with an excellent position for
White.}) 18... Rcc8 19. Nac3 ({Suddenly I realised that} 19. Nb6 {was not that
impressive, and repeated moves hoping for ...Rc6 back and Bd4!} Rcd8 20. Nc3
Bc6 21. Rd1 $14) 19... h6 {Of course - a much better move than ...Rc6.} 20. Bd4
$6 {This move gives Black time for managing counterplay. Anything was better,
although Black is anyway very solid.} Bc6 21. Kh1 Nd7 22. b4 e5 23. Be3 exf4
24. Nxf4 Bf6 $5 (24... Ne5 25. Qe2 Bg5 26. Nfd5 Bxd5 27. Nxd5 Bxe3 28. Nxe3 Qc7
$11) 25. Nh5 $1 Bxc3 (25... Be5 $2 26. b5 $16) 26. Qxc3 Re5 27. Ng3 Rce8 28.
Bf4 R5e6 29. Nf5 $6 {A little bluff, but the other moves were depressing.} Ne5
$2 {Phew!} (29... Rg6 {was very strong:} 30. Bxd6 Qd8 {and the e4-pawn falls,
and Black becomes better.}) 30. Bxe5 dxe5 31. Qg3 Rg6 32. Qd3 b5 (32... Rd8 33.
Ne7+ Kh7 34. Nd5 $14) 33. c5 Qa8 34. Re1 Rg5 35. Nd6 Rf8 36. Ra2 g6 37. Kh2 (
37. Rf2 $1 {was stronger, since} f5 {is met by} 38. Qb3+ Kg7 39. exf5 Bxg2+ 40.
Kh2 $18) 37... Qd8 38. Rf2 Qe7 39. Qb3 Kg7 40. Qc3 h5 41. Ref1 f6 42. Qd2 $1
Bd7 (42... h4 43. Rxf6 Rxg2+ 44. Qxg2 Rxf6 45. Nf5+ $18 {This is the first
reason why 42.Qd2! was stronger than 42.Qe3.}) 43. Qd5 {And this is the second
reason.} Be6 44. Qc6 f5 45. Qxa6 f4 46. Qb7 $6 ({Of course the engine is greedy
} 46. Qxb5 {and after} Rg3 47. Rf3 Qh4 {it just goes} 48. Qd3 Bxh3 49. Rxg3 $18
) 46... Qxb7 47. Nxb7 Rg3 48. Rf3 h4 49. a6 Ra8 50. Ra1 Bd7 51. a7 Kf6 52. c6
$6 {Not a good practical decision when everything wins!} Bxc6 53. Ra6 Kg7 (
53... Ke7 54. Rxc6 Rxa7 55. Na5 Rd7 56. Rf2 $18) 54. Rxc6 $2 (54. Nc5 $1 {
with the idea Ne6-Nc7 was winning at once:} Kf7 55. Rxc6 Rxa7 56. Rd3 $18)
54... Rxa7 55. Na5 Rd7 56. Nb3 Rxf3 57. gxf3 Rd3 58. Nc5 Rxf3 59. Nd7 (59. Ne6+
Kh6 60. Rc8 g5 61. Rc6 $1 {was stronger.}) 59... Re3 60. Nxe5 $2 (60. Rc7 $1 {
was much stronger.}) 60... Rxe4 61. Rxg6+ Kh7 62. Rg5 Rxb4 63. Kg2 Kh6 $2 (
63... Rb3 $1 {was the only way to stay in the game. White should be winning
but this is no piece of cake, e.g.} 64. Rg4 $1 (64. Rh5+ Kg7 65. Rxh4 Kf6 $132)
64... Rb2+ 65. Kf1 Rb3 66. Rxh4+ Kg7 67. Kf2 $1 Kf6 68. Nf3 Rb2+ 69. Ke1 Kf5
70. Rh5+ Ke4 71. Nd2+ Ke3 72. Re5+ Kd3 73. h4 $18) 64. Rg4 Rb2+ (64... Kh5 65.
Nf7 $5 (65. Nd3 $18) 65... f3+ 66. Kxf3 Rxg4 67. hxg4+ Kg6 68. Ne5+ Kg5 69. Nd3
h3 70. Kg3 h2 71. Nf2 b4 72. Ne4+ Kg6 73. Kxh2 b3 74. Kg3 b2 75. Nc3 {This
ending with a g-pawn is winning wherever Black's b-pawn is. If it were a
h-pawn, then the b-pawn would have to be stopped on b3.} Kg5 76. Kf3 Kf6 77.
Kf4 Kg6 78. g5 Kf7 79. Kf5 Kg7 80. g6 Kg8 81. Kf6 Kf8 82. g7+ Kg8 83. Nd5 b1=Q
84. Ne7+ Kh7 85. g8=Q+ Kh6 86. Qg5+ Kh7 87. Qh5#) 65. Kf3 $1 Rb3+ 66. Kxf4 Rxh3
67. Nf7+ (67. Nf7+ Kh5 (67... Kh7 68. Ng5+ $18) 68. Rg5#) 1-0

[Event "EU-chT (Men) 20th"]
[Site "Reykjavik"]
[Date "2015.11.21"]
[Round "8.3"]
[White "Edouard, Romain"]
[Black "Pantsulaia, Levan"]
[Result "0-1"]
[WhiteElo "2632"]
[BlackElo "2567"]
[Annotator "Edouard,R"]
[PlyCount "88"]
[EventDate "2015.11.13"]
[EventType "team-swiss"]
[EventRounds "9"]
[EventCountry "ISL"]
[SourceTitle "CBM 170"]
[Source "ChessBase"]
[SourceDate "2016.01.15"]
[SourceVersion "1"]
[SourceVersionDate "2016.01.15"]
[SourceQuality "1"]
[WhiteTeam "France"]
[BlackTeam "Georgia"]
[WhiteTeamCountry "FRA"]
[BlackTeamCountry "GEO"]

1. e4 c5 2. Nf3 e6 3. d4 cxd4 4. Nxd4 a6 5. Bd3 Nf6 6. O-O e5 7. Nf3 Nc6 8. Be3
$1 $146 {Until now 7.Nf3 has always been considered inferior to the main move
7.Bg5, but I believe this novelty 8.Be3 just kills Black's concept. Black
cannot get his bishop to c5 anymore and is forced to play ...d5, otherwise
White will play h3 and c4 and have a great position. The problem is that after
8...d5 Black happens to be worse.} d5 (8... Ng4 9. Bg5 {is bad for Black.}) 9.
exd5 Nxd5 10. Qe2 Be7 {The most natural, and perhaps best defence.} 11. Rd1
Nxe3 12. Qxe3 Qd6 $5 ({In the event of} 12... Qc7 {White is in time to play}
13. Nc3 Be6 14. Be4 {followed by Nd5, with a stable advantage.}) 13. Nbd2 Qc5
14. Qe2 O-O (14... Bg4 15. h3 Bh5 16. g4 Bg6 17. Nb3 {and Black just loses his
e5-pawn.}) 15. Nb3 ({I had forgotten that my preparation was just} 15. c3 {
and after} f6 16. Nc4 Be6 17. b4 Qa7 18. Ne3 {White has a fantastic position.})
15... Qb4 $1 16. Be4 $6 (16. c3 {was the right move, with a nice position for
White:} Qg4 17. Be4 f6 (17... Be6 18. h3 Qh5 19. Re1 f6 20. Nbd4 $1 $16) 18.
Nbd4 $1 {Always a key move.} Nd8 (18... exd4 19. Bxc6 $16) 19. Qc2 $5 g6 (19...
exd4 20. Bxh7+ Kh8 21. Rxd4 $18) 20. h3 Qh5 21. Bd5+ Kh8 22. Ne2 $14) ({After} 
16. Nxe5 Nxe5 17. Qxe5 Bf6 {Black survives as Qe4 is not possible, thanks to
the well placed black queen on b4.}) 16... f6 17. Qd3 $6 (17. c3 {had to be
played:} Qb6 (17... Qa4 18. Bd5+ Kh8 19. Nfd2 $14) 18. Nfd2 $14 (18. Qc2 Kh8 $1
19. Bxh7 f5 20. Bg6 e4 $132) (18. Qd3 Kh8 $1 {is even worse than 18.Qc2.}))
17... g6 (17... Kh8 $1 {with the idea} 18. Bxh7 $4 f5 $1 $19 {was another nice
way of solving Black's problems.}) 18. c3 $6 (18. a3 Qa4 19. Bd5+ Kg7 20. c4)
18... Qa4 19. Bxg6 ({I had missed that after} 19. Nc5 Bxc5 20. Qd5+ Kg7 21.
Qxc5 {my bishop was hanging on e4!}) 19... hxg6 20. Qxg6+ Kh8 21. Qh6+ Kg8 22.
Qg6+ Kh8 23. Rd3 $4 {A terrible blunder, forgetting about Black's next move,
which I had seen while playing 19.Bxg6!} (23. Nfd4 {was the best try but as my
opponent correctly pointed out after the game Black can cleanly play} Qc4 {
(/\...Qg8) and force White to make a draw.}) 23... Qf4 24. Qh5+ (24. g3 Qg4 25.
Nh4 Rd8 $19) 24... Kg7 25. Nh4 Qh6 $1 (25... Rh8 $2 26. Qxh8+ Kxh8 27. Ng6+ $13
) 26. Nf5+ Bxf5 27. Qxf5 Rh8 $1 {At first I thought I still had some chances
to save the game, but my position happens to be just lost.} 28. Rh3 Qf4 29.
Rg3+ Kf7 30. Qd7 Rag8 31. Qd5+ Kf8 32. Nc5 Bxc5 33. Qxc5+ Ke8 34. Rxg8+ Rxg8
35. Qd5 Rh8 36. g3 Qg4 37. Rd1 Qh3 38. Qg2 Qxg2+ 39. Kxg2 Rh7 40. Rd2 Rd7 41.
Re2 Kf7 42. Kf3 Ke6 43. h4 f5 44. Ke3 Rd1 0-1

[Event "Dubai op"]
[Site "Dubai"]
[Date "2000.04.30"]
[Round "3"]
[White "Ermenkov, Evgenij"]
[Black "Kotsur, Pavel"]
[Result "1-0"]
[WhiteElo "2449"]
[BlackElo "2587"]
[Annotator "Ermenkov,E"]
[PlyCount "87"]
[EventDate "2000.04.28"]
[EventType "swiss"]
[EventRounds "9"]
[EventCountry "UAE"]
[SourceTitle "EXT 2001"]
[Source "ChessBase"]
[SourceDate "2000.11.22"]
[SourceVersion "1"]
[SourceVersionDate "2000.11.22"]
[SourceQuality "1"]

1. e4 c5 2. Nf3 e6 3. d4 cxd4 4. Nxd4 a6 5. Bd3 g6 6. c4 Bg7 7. Nb3 ({I played
here} 7. Be3 {against GM F. Olafson in the Malta Olympiad in 1980 and won a
beautiful game but lately the move in the game is much more fashionable.}) 7...
Ne7 (7... d6 8. Nc3 Nf6 9. Bf4 O-O 10. Be2 e5 11. Be3 Be6 12. O-O Nc6 13. f3
Rc8 14. Rc1 {and White was better in the game Ljuboevic - Raikovic, Yugoslavia,
1980.}) 8. Nc3 Nbc6 (8... d5 9. cxd5 exd5 10. Bg5 h6 11. Bxe7 Bxc3+ 12. bxc3
Qxe7 13. O-O dxe4 14. Bxe4 O-O 15. Re1 {and White was much better in the game
Donchev - Prie, Toulon, 1988.}) 9. O-O O-O 10. Be2 $1 {This move is the point
of White's set-up. After the retreat of the Bishop White is preventing d5 and
intends simply Bf4 followed by Qd2, Rfd1, Rac1, Bh6, etc. with a strong
positional bind.} f5 {I am very suspicious towards this type of "Dutch
defense" in the Sicilian. Bologan with Black against Anand in Calcutta, 1992,
tried here} (10... b6 {but after} 11. Bg5 h6 12. Be3 {still played} f5 $6 {
but after} 13. Qd2 Kh7 14. f3 {Anand was dominant with White.}) 11. c5 {
John Nunn recommends here 11.ef!? in his wonderful book "BTS-3".} fxe4 $146 (
11... b6 {has been tried in practice but White was a little better after} 12.
cxb6 Qxb6 13. Be3 Qd8 14. f4) 12. Nxe4 b6 {At first sight what Black is doing
seems very logical. He wants to get rid of the pawns on e4 and c5 and then
using the "d" and "e" pawn tandem to prevail in the fight for the center. This
plan however is too ambitious to succeed against the excellent development of
White.} 13. Nd6 $1 {This horse is coming here to stay and graze till
retirement...} bxc5 14. Nxc5 Nd4 ({But not} 14... Nf5 15. Nxc8) 15. Bd3 Qc7 16.
Nce4 Be5 17. Be3 $1 {Simple and strong. White is threatening Rc1.} Ndf5 (17...
Bxd6 {is refuted by} 18. Nxd6 Qxd6 19. Be4 {taking back the material with a
decisive advantage.}) 18. Rc1 Nc6 19. Nxf5 exf5 (19... gxf5 {does not look
attractive after} 20. Ng5 {with the threat Qh5, check or no check with B:h2+.})
({while} 19... Rxf5 20. Ng3 {followed by 21.Qg4 and Black will not survive
this attack. Playing his 19-th move Kotzur offered a draw but I did not
consider this seriously...}) 20. f4 $1 {After this move Black does not have
too many options, for example} Bg7 (20... Bxb2 21. Qb3+) (20... fxe4 21. Bc4+ {
and after 22. fe White's two bishops will take care of Black's King in a flash.
}) 21. Nd6 $1 {Much better immediately instead of 21.Bc4+ first. The Bishop
should remain on the "b1-h7" diagonal. Now 22.Bc4+ is a threat though...} h6 (
21... Kh8 {immediately was maybe better.}) 22. g4 $1 {Easy, since the position
is just screaming for this "Keres attack".} Kh8 23. Bb1 a5 {Black's real
problem is not so much that he is utterly defenseless against this attack but
he is completely devoid of any counter-play. Accordingly I was not in a hurry.}
24. Rf2 {Defending the b2 pawn as well as defending and attacking on the "g"
file.} Ba6 25. gxf5 Rf6 $8 26. Ne4 {The simplest and safest.} Rxf5 27. Ng3 Rf6
28. Qg4 {Now White is threatening simply to win material with 29.B:g6, or
finish Black off with 29.Bd4 exchanging the defender Bg7.} ({I discarded the
flashy} 28. Nh5 {because of} Re6 ({but not} 28... gxh5 29. Qc2)) (28. f5 Re8)
28... Re6 (28... Re8 29. Bd4) 29. f5 $3 {It is quite possible this position to
be of the type "everything wins" but over the board one should prefer to make
clear-cut decisions. I found a long combination which might look complicated
but was in fact easy to calculate. My calculations here reached what happened
in the game till move 37 and I was very proud of myself after the game. The
idea of the combination is to get rid of the defender Bg7, win material in the
process and most of all - attack!} Rxe3 30. f6 {Attacking not so much the
Bishop but simply 31.Q:g6 with mate, so Black's reply is absolutely forced.}
Ne5 $1 31. fxg7+ Kxg7 (31... Kh7 32. Bxg6+) (31... Kg8 32. Rf8+ Rxf8 33.
gxf8=Q+ Kxf8 34. Qf4+ {winning the Queen in both lines.}) 32. Nf5+ $1 (32. Rf7+
Kg8 $1 33. Rxc7 Nxg4) 32... Kh8 33. Qd1 $1 {This simple retreat wins the
exchange.} Qb6 34. Nxe3 Qxe3 35. Rc3 $1 {And after this move Whites attack
continues since the threat is 36.Qd5 attacking Ra8 and Ne5.} Qa7 36. Qd6 Ng4
37. Rc5 $3 {The point of the whole combination started with move 29 as I
mentioned earlier. This beautiful move is unpinning and threatening 38.Rf8+ at
the same time.} Re8 (37... Nxf2 {leads to a forced mate after} 38. Qf6+ Kg8 39.
Qxg6+ Kf8 40. Rf5+ Ke7 41. Qf6+ Ke8 42. Qf8# {I saw this mate before making my
29-th move...)}) (37... Rg8 {also loses immediately after} 38. Qd4+) 38. Rf8+
Rxf8 39. Qxf8+ Kh7 40. Qf7+ Kh8 41. Qe8+ Kg7 42. Qxg6+ Kf8 43. Qd6+ Kf7 44. Qc7
{After this game I had three out of three in the tournament which seemed too
good to be true and finishing the tournament with a level of performance of
2753 it still seems to me an aria from an opera which is with a libretto of a
fairy tale.} 1-0

[Event "USA-ch"]
[Site "Seattle"]
[Date "2000.10.06"]
[Round "11"]
[White "Ivanov, Alexander"]
[Black "Serper, Grigory"]
[Result "1/2-1/2"]
[WhiteElo "2567"]
[BlackElo "2574"]
[Annotator "Ernst,T"]
[PlyCount "240"]
[EventDate "2000.09.25"]
[EventType "tourn"]
[EventRounds "11"]
[EventCountry "USA"]
[EventCategory "14"]
[SourceTitle "CBM 080"]
[Source "ChessBase"]
[SourceDate "2001.01.25"]
[SourceVersion "1"]
[SourceVersionDate "2001.01.25"]
[SourceQuality "1"]

1. e4 c5 2. Nf3 e6 3. d4 cxd4 4. Nxd4 a6 5. Bd3 Nf6 6. O-O Qc7 7. Qe2 d6 8. c4
g6 9. Nc3 Bg7 10. Rd1 O-O 11. Bg5 b6 12. Rac1 Bb7 13. Bb1 Nbd7 14. Nf3 Rfc8 15.
b3 Ne8 16. Nd4 Qc5 17. Be3 Qa5 18. Qd2 Rab8 19. Qb2 Ba8 20. f3 Qh5 21. Qd2 Rc7
22. Nce2 Rbc8 23. Kh1 $14 Be5 24. f4 Bh8 25. f5 $1 Be5 26. Nf3 exf5 27. Nxe5
dxe5 28. Ng3 Qg4 29. exf5 Nef6 30. Bd3 {To get the bishop into the defence and
to attack the hostile queen.} Nc5 31. Be2 Qh3 32. Bf1 gxf5 33. Bxc5 f4 $8 34.
Kg1 Qe6 35. Ba3 Rd7 (35... fxg3 $2 36. Qg5+ Kh8 37. Rd6 Ne4 38. Rd8+ $18) 36.
Qe1 fxg3 37. Qxg3+ Kh8 38. Rxd7 Nxd7 39. Rd1 $16 Nc5 40. Qe3 f6 41. Qd2 {
The d-line!} Rg8 42. Bxc5 bxc5 43. Qd7 {Forces a favourable ending.} Qxd7 44.
Rxd7 Be4 45. Rd6 f5 46. Rxa6 Rd8 47. Re6 $2 (47. Ra5 $1 $16) 47... Rd1 48. Kf2
Rd2+ 49. Be2 Rxa2 50. Rxe5 Rb2 51. g4 Bd3 52. gxf5 Kg7 53. Kf3 Kf6 54. Re3 Bxf5
55. Kf4 Bc2 56. Bg4 Bxb3 57. Re6+ Kg7 58. Rb6 Rb1 $8 59. Be6 Ba2 60. Rc6 (60.
Rxb1 Bxb1 61. Ke5 Bd3 $11) 60... Rf1+ 61. Ke5 Re1+ 62. Kd6 Rh1 63. h3 Bxc4 $1
$11 {Forces a drawn ending.} 64. Bxc4 Rxh3 65. Rxc5 Re3 66. Be6 Kf6 67. Rf5+
Kg6 68. Rf1 h5 69. Bf7+ Kg5 70. Rg1+ Kf6 71. Bxh5 Rd3+ 72. Kc5 Ke5 73. Bf7 Rc3+
74. Bc4 Re3 75. Rg8 Re4 76. Bd5 Re3 77. Rg5+ Kf4 78. Rh5 Re1 79. Kd6 Rd1 80.
Rh4+ Ke3 81. Ke5 Rd3 82. Bc4 Rd8 83. Rh3+ Kd2 84. Bd5 Rd7 85. Kd4 Rd8 86. Rh2+
Kd1 87. Ke4 Rd7 88. Bb3+ Kc1 89. Ke3 Rd8 90. Bc4 Rd7 91. Bd3 Rc7 92. Kd4 Kd1
93. Bf5 Kc1 94. Kd3 Rc6 95. Be4 Rc8 96. Bf5 Rc6 97. Kd4 Rd6+ 98. Ke3 Rc6 99.
Bd3 Rc8 100. Rf2 Rc7 101. Rf1+ Kb2 102. Rb1+ Ka2 103. Rb6 Ka3 104. Kd4 Ka4 105.
Bc4 Ka5 106. Rb8 Rc6 107. Kd5 Rb6 $1 {Black goes over to the second row
defence when white threatened to reach the Philidor  winning position.} 108.
Rh8 Kb4 109. Rh3 Ka5 110. Kc5 Rb5+ 111. Kd4 Rb6 112. Ra3+ Kb4 113. Ra1 Rd6+
114. Bd5 Rb6 115. Ra8 Rb5 116. Ra6 Ra5 117. Rf6 Rb5 118. Rf1 Rb6 119. Rc1 Rb5
120. Bc6 Rb6 1/2-1/2

[Event "Cannes team g/60"]
[Site "Cannes"]
[Date "1992.??.??"]
[Round "5"]
[White "Renet, Olivier"]
[Black "Christiansen, Larry Mark"]
[Result "0-1"]
[WhiteElo "2495"]
[BlackElo "2595"]
[Annotator "Ernst,T"]
[PlyCount "114"]
[EventDate "1992.02.??"]
[EventType "team"]
[EventRounds "6"]
[EventCountry "FRA"]
[SourceTitle "CBM 028"]
[Source "ChessBase"]
[SourceDate "1992.06.01"]
[SourceVersion "1"]
[SourceVersionDate "1992.06.01"]
[SourceQuality "1"]

1. e4 c5 2. Nf3 e6 3. d4 cxd4 4. Nxd4 a6 5. Bd3 Bc5 6. Nb3 Ba7 7. Qe2 Nc6 8.
Be3 Nf6 9. Nc3 O-O 10. O-O-O Bxe3+ 11. Qxe3 d5 $5 (11... d6 12. f4 Qc7 13. Rhg1
b5 14. g4 b4 15. g5 Ne8 16. Ne2 Qa7 17. Qh3 $14 {Arnason - Kirov, Plovdiv 1986.
}) 12. exd5 exd5 13. Qf4 Be6 14. Rhe1 $14 Rc8 15. Kb1 Re8 16. h3 b5 17. Ne2 Qb6
18. Ned4 b4 19. Nxc6 Qxc6 20. Qxb4 $16 Rb8 21. Qa5 Ne4 22. Bxe4 dxe4 23. Nd4
Qb7 24. b3 Bd7 25. Nf5 Bxf5 26. Qxf5 g6 27. Qd7 Qb6 28. Qd4 Qc6 29. Qd6 Qb7 30.
Qd5 Qb6 31. Qd4 Qa5 32. Qe3 Rbc8 33. c4 Qb4 34. Rd4 a5 35. Rxe4 Red8 {Weiss
steht natürlich auf Gewinn, aber es fehlt an Zeit.} 36. Rc1 Qb7 37. f3 a4 38.
c5 axb3 39. axb3 Qa6 40. Ra4 Qb5 41. Rac4 Rc6 42. Qc3 Ra6 43. c6 Ra3 44. Rb4
Qe2 45. Qc2 Rd2 46. c7 Rxc2 47. Rxc2 Qe1+ 48. Rc1 Ra1+ $1 $19 49. Kxa1 Qxc1+
50. Ka2 Qxc7 51. Rc4 Qg3 52. Rc2 Qf4 53. Ka3 Qe3 54. Kb2 h5 55. Rc3 Qd4 56. Kc2
Qf2+ 57. Kb1 Qxg2 0-1

[Event "Olympiad-34"]
[Site "Istanbul"]
[Date "2000.11.04"]
[Round "7.1"]
[White "Kotronias, Vasilios"]
[Black "Johannessen, Leif Erlend"]
[Result "1-0"]
[WhiteElo "2539"]
[BlackElo "2422"]
[Annotator "Ernst,T"]
[PlyCount "109"]
[EventDate "2000.10.28"]
[EventType "team-swiss"]
[EventRounds "14"]
[EventCountry "TUR"]
[SourceTitle "EXT 2001"]
[Source "ChessBase"]
[SourceDate "2000.11.22"]
[SourceVersion "1"]
[SourceVersionDate "2000.11.22"]
[SourceQuality "1"]
[WhiteTeam "Cyprus"]
[BlackTeam "Norway"]
[WhiteTeamCountry "CYP"]
[BlackTeamCountry "NOR"]

1. e4 c5 2. Nf3 e6 3. d4 cxd4 4. Nxd4 a6 5. Bd3 Nf6 6. O-O Qc7 7. Qe2 d6 8. c4
g6 9. Nc3 Bg7 10. Rd1 O-O 11. Nf3 Nc6 12. h3 Nd7 13. Bf4 Bxc3 $5 {This gives
black a playable game.} 14. bxc3 e5 15. Bh6 Rd8 16. Nh2 Nc5 17. Bc2 f6 18. f4
exf4 19. Bxf4 Ne5 20. Nf1 Be6 21. Ne3 Rac8 22. Rd4 b6 23. Bg3 Nb7 24. Rf1 Kg7
25. Bh4 Rf8 (25... g5 26. Bg3 Nxc4 27. Qf2 Rf8 $13) 26. Bb3 Na5 27. Qd2 g5 28.
Bg3 Rfd8 29. h4 h6 30. Rd1 Nb7 31. c5 dxc5 $6 (31... Bxb3 $5 32. Nf5+ Kh7 33.
cxd6 Nxd6 34. Nxd6 Bxd1 35. Nxc8 Nf3+ 36. Kf2 (36. gxf3 Qxg3+ 37. Qg2 Qe1+ 38.
Qf1 Qg3+ $11) 36... Nxd2 37. Bxc7 Rxc8 38. Rxd2 Rxc7 39. Rxd1 Rxc3 $13) 32.
Bxe6 Nf3+ 33. gxf3 Qxg3+ 34. Qg2 Qxg2+ 35. Kxg2 cxd4 36. Nf5+ Kf8 37. Bxc8 Rxc8
38. cxd4 $16 Rc2+ 39. Kg3 gxh4+ (39... Rxa2 40. Rc1 $40) 40. Kxh4 b5 41. Kh5
Kf7 42. Nxh6+ Ke7 43. Nf5+ Kf7 44. Rh1 Na5 45. Kg4 Nc4 46. Rh7+ Ke8 47. Ng7+
Kf7 48. Nf5+ Ke8 49. f4 Rxa2 50. e5 $18 fxe5 51. dxe5 Rg2+ 52. Kf3 Rg6 53. Ra7
Rb6 54. e6 Nd2+ 55. Kg4 1-0